"Muy buenas noches" : México, la televisión y la Guerra Fría /

Guardado en:
Detalles Bibliográficos
Autor principal: González de Bustamante, Celeste (autor)
Otros autores: Cole, Richard R. (prólogo) (prólogo)
Formato: Libro
Idioma:Español
Publicado: México : Fondo de Cultura Económica, 2015, c2015
Colección:(Comunicación Fondo de Cultura Económica)
Temas:
Etiquetas: Agrega una etiqueta
Sin etiquetas, Sé el primero en etiquetar este registro!

MARC

LEADER 00000nam^a2200000^a^4500
001 000354234
005 20250521000000.0
008 110222 20152015
009 20260310115131.303
020 |a 978-607-16-2411-6 
037 |a Acervo ITESO - Biblioteca 
041 |a ESP 
082 |a 322. 31  |b GON 
100 |a González de Bustamante, Celeste  |e (autor) 
245 1 0 |a "Muy buenas noches" :  |b México, la televisión y la Guerra Fría /  |c C. González de Bustamante ; pról. de R.R. Cole ; tr. por Jan Roth Kanarski. 
264 4 |a México :  |b Fondo de Cultura Económica,  |c 2015, c2015 
300 |a 275 p. 
336 |a texto  |b txt  |2 rdacontenido 
337 |a sin mediación  |b n  |2 rdamedio 
338 |a volumen  |b nc  |2 rdasoporte 
440 1 |a (Comunicación Fondo de Cultura Económica) 
500 |a Traducción de: "Muy Buenas Noches": Mexico, Television and the Cold War 
649 |a XX 
650 |a Noticieros -  |z México -  |x Historia -  |y 1946-2000 -  |x Tema Principal 
650 |a Noticieros -  |z México -  |x Historia -  |y Siglo XX 
650 |a Periodismo Televisivo -  |z México -  |x Historia 
650 |a Televisión -  |z México -  |x Historia 
650 |a Medios de Comunicación y Estado -  |z México -  |x Historia -  |y 1946-2000 -  |x Tema Principal 
650 |a Medios de Comunicación y Estado -  |z México -  |x Historia -  |y Siglo XX 
650 |a Comunicación y Política -  |z México -  |x Historia 
650 |a Comunicación Masiva -  |z México -  |x Historia 
650 |a Guerra Fría -  |x Historia -  |x Tema Principal 
650 |a México -  |x Condiciones Políticas 
650 |a Política -  |z México -  |x Historia -  |y 1946-2000 
650 |a Política -  |z México -  |x Historia -  |y Siglo XX 
650 |a Política Internacional -  |x Historia -  |y Siglo XX 
650 |a Partido Revolucionario Institucional -  |x Historia  |z México - 
650 |a Telesistema Mexicano -  |x Tema Principal 
650 |a Televisa -  |x Tema Principal 
700 |a Cole, Richard R.  |e (prólogo) 
910 |a Fondo General 
920 |a Impresos - Libros 
930 |a Colección General 
905 |a 101 
901 |a 0500247346  |b IT1  |c ACC  |i C146528  |u 20250521 
902 |a https://opac.biblio.iteso.mx/vufind/Record/000354234